000
00328nam a22001457a 4500
003
SGT
020
_a
8190136992
082
_a
576.83,SIN
100
_a
SINGH,T.D.
245
_a
LIFE MATTER AND THEIR INTERACTIONS
260
_a
KOLKATA
_b
BHAKTIVEDANTA INSTITUTE
_c
2014
300
_a
122
650
_a
Science
942
_2
ddc
_c
BK
999
_c
23398
_d
23398